Statistiques concernant Groupes Ligue des Champions 2010-2011

Cliquez ici pour prendre le quiz!

Statistiques générales

  • Ce quiz a été pris 86 fois
  • Le résultat moyen est 19 sur 32

Statistiques - réponses

GroupePlace dans le groupeNoms des équipes% Correct
Groupe C1erManchester United
99%
Groupe E1erBayern Munich
96%
Groupe D1erFC Barcelone
94%
Groupe B2èmeLyon
94%
Groupe G1erReal Madrid
94%
Groupe F1erChelsea
93%
Groupe A2èmeInter Milan
93%
Groupe F2èmeMarseille
93%
Groupe H2èmeArsenal
90%
Groupe G2èmeMilan AC
90%
Groupe G3èmeAjax Amsterdam
82%
Groupe B3èmeBenfica
82%
Groupe B1erSchalke 04
76%
Groupe C2èmeValence
73%
Groupe A1erTottenham
69%
Groupe E2èmeAS Rome
61%
Groupe C3èmeGlasgow Rangers
54%
Groupe G4èmeAJ Auxerre
49%
Groupe A4èmeWerder Brême
45%
Groupe H3èmeBraga
44%
Groupe E3èmeFC Bâle
42%
Groupe D2èmeFC Copenhague
41%
Groupe F3èmeSpartak Moscou
39%
Groupe D3èmeRubin Kazan
24%
Groupe A3èmeFC Twente
21%
Groupe B4èmeHapoël Tel-Aviv
21%
Groupe D4èmePanathinaïkos
21%
Groupe F4èmeMSK Zilina
18%
Groupe H4èmePartizan Belgrade
18%
Groupe E4èmeCFR Cluj
17%
Groupe H1erChakhtar Donestk
14%
Groupe C4èmeBursaspor
11%

Distribution des résultats

Percentile par nombre de réponses

% des personnes avec chaque résultat

Votre développement - résultats

Vous n’avez pas pris ce quiz